Zwei Ramessidische Königsgräber Ramses IV. und Ramses VII.

محفوظ في:

المؤلف الرئيسي: Erik Hornung

التنسيق: كتاب

اللغة: Undetermined

منشور في: Mainz am Rhein Philipp von Zabern 1990

سلاسل: Theben, 11.

الموضوعات:

الوسوم: إضافة وسم

لا توجد وسوم, كن أول من يضع وسما على هذه التسجيلة!

رقم الطلب: (F) DT73 .T3 T65 v.11

LEADER 00804nam a2200205Ia 4500
008 220904s9999||||xx |||||||||||||| ||und||
020 |a 3805310676 
050 |a (F) DT73 .T3 T65 v.11 
100 1 |a  Erik Hornung 
245 1 0 |a Zwei Ramessidische Königsgräber  |b Ramses IV. und Ramses VII.  |c Erik Hornung 
264 1 |a  Mainz am Rhein  |b  Philipp von Zabern  |c 1990 
300 |a 139.p 132.p of plates  |b ill. (some col.)   |c 35cm 
490 0 |a  Theben, 11. 
504 |a Includes bibliographical referencesn 
505 0 |a Ramses IV, king of egypt -- tomb 
650 4 |a egypt-- Antiquites 
650 4 |a Tombs -- Egypt -- Thebes (Extinct city) 
942 |2 lcc  |c BK 
952 |0 0  |1 0  |2 lcc  |3 V.11  |4 0  |7 1  |9 42728  |a ARCE  |b ARCE  |d 2022-09-04  |l 0  |o (F) DT73 .T3 T65 v.11  |p 1031799  |r 2022-09-04 00:00:00  |w 2022-09-04  |y BK 
999 |c 49401  |d 49401